Slovenski prvaki - nenadna smrt - Statistics

General Stats
  • This quiz has been taken 12 times
  • The average score is 3 of 6
Answers on the Grid
Answers color-coded by a green-red scale on the quiz's grid according to % correct below.
Olimpija Ljubljana
Maribor
Rudar Velenje
Celje
Koper
Bravo
Primorje Ajdovščina
Aluminij
Gorica
Triglav Kranj
Domžale
 
Answer Stats
Answer % Correct
Olimpija Ljubljana
100%
Celje
75%
Maribor
75%
Koper
50%
Domžale
25%
Gorica
0%
No matching quizzes found
Score Distribution
Percent of People with Each Score
Percentile by Number Answered
Your Score History
You have not taken this quiz